000 00455nam a2200169Ia 4500
005 20250509141626.0
008 231217s9999 xx 000 0 und d
020 _a9780824748760
082 _a621.825 ORT;1 R
100 _aOrthwein, William C.
245 0 _aClutches and brakes : design and selection
250 _a2nd ed
260 _c2004
_bMarcel Dekker
_aNew York
300 _axiv, 330
650 _aClutches,brakes,selection
942 _cAA
999 _c188469
_d188469